Горемыкина Николая Дмитриевича

Доступно только в Электронных читальных залах Найти на картеНа карте
RUSMARC
00003897nac2a22002771x 450
001c5f9de5a-5ec7-4408-9fbb-b6fbd6426ee2
00520140115101807.0
100##$a20130529l18741895k y0rusy50 ca
1010#$arus
102##$aRU
105##$ay z |||||
1222#$ad18740109
$ad18951121
2001#$aГоремыкина Николая Дмитриевича
$j9 января 1874 - 21 ноября 1885
215##$a3 листа
251##$cДело
300##$aЗаголовок дела на папке: Письма Горемыкина Николая Дмитриевича Кони Анатолию Федоровичу
300##$aРукописный текст
330##$aПереписка А. Ф. Кони; Письма к А. Ф. Кони
461#0$10013a54f2e3-e9cf-409b-80fa-f0a9bd3c40cb
$12001
$aКони Анатолий Федорович, юрист, литератор, член академии наук, председатель Санкт-Петербургского окружного суда, член государственного совета
$1251
$cФонд
$1852
$j564
462#0$100178a475cd-a47d-4377-bff3-cee4b81de655
$12001
$aОпись дел фонда А. Ф. Кони за 1880-1931 гг.
$1251
$cОпись
$1852
$j1
517##$aПисьма Горемыкина Николая Дмитриевича Кони Анатолию Федоровичу
600#1$aКони
$bА. Ф.
$f1844-1927
$gАнатолий Федорович
600#1$aГоремыкин
$bН. Д.
$gНиколай Дмитриевич
801#0$aRU
$bGA_RF
801#1$aRU
$bНПО Опыт
$c20130529
$2rusmarc
801#2$aRU
$bПБ им. Б.Н. Ельцина
$c20140115
$gRCR
$2rusmarc
852##$aГА РФ
$j1618
937##$d42820191
$hПБ
035##$aRuPRLIB51002527
Формат отображения